Lal's commentaries on water and air pollution laws along with the environment (protection) act and rules, 1986 (Record no. 44033)

MARC details
000 -LEADER
fixed length control field 00395nam a2200121Ia 4500
082 ## - DEWEY DECIMAL CLASSIFICATION NUMBER
Classification number 349.6
Item number LAL
245 #0 - TITLE STATEMENT
Title Lal's commentaries on water and air pollution laws along with the environment (protection) act and rules, 1986
250 ## - EDITION STATEMENT
Edition statement Ed.3
260 ## - PUBLICATION, DISTRIBUTION, ETC. (IMPRINT)
Place of publication Allahabad
Name of publisher Law Publishers
Year of publication 1990
650 ## - SUBJECT ADDED ENTRY--TOPICAL TERM
Topical Term Kerala water pollution rules
942 ## - ADDED ENTRY ELEMENTS (KOHA)
Koha item type Books
Holdings
Withdrawn status Lost status Damaged status Not for loan Home library Current library Date acquired Source of acquisition Full call number Accession Number Koha item type
        RRII Library RRII Library 16/12/2021 Gift 349.6 LAL G00781 Books